=LDR 00000nam 2200000 4500 =001 INLIS000000000047104 =005 20150810145726.0 =006 =007 =008 =035 ##$$0010-081500000000018 =082 ##$$a 372.8-Tan-p =100 ##$$a R.M. Tansin =245 ##$$a Pengetahuan lalu lintas untuk anak =260 ##$$a Jakarta $b Kurnia Esa $c 1982 =300 ##$$a 136 Hlm $c 21 Cm =850 ##$$aNBPNMAT =990 ##$$a 2090101323/BPAP-NTB/2015